Manual de procedimiento civil: el juicio ejecutivo

Wedi'i Gadw mewn:
Manylion Llyfryddiaeth
Prif Awdur: Espinosa Fuentes, Raúl (Awdur)
Awduron Eraill: Maturana Miquel, Cristián (autor)
Fformat: Llyfr
Iaith:Sbaeneg
Cyhoeddwyd: Santiago Jurídica de Chile 2003
Rhifyn:11a. ed
Cyfres:Manuales Jurídicos, 17
Pynciau:
Tagiau: Ychwanegu Tag
Dim Tagiau, Byddwch y cyntaf i dagio'r cofnod hwn!

MARC

LEADER 00000nam a2200000 a 4500
001 UCL1343
003 CL-VaPUC
008 030905e20030000CL |||||||||||||||||spa|d
020 |a 9561014653 
082 0 4 |a 347.8307  |b ESP  |2 21 
100 0 |a Espinosa Fuentes, Raúl  |e author  |9 478310 
700 |a Maturana Miquel, Cristián  |e autor  |9 598660 
245 1 0 |a Manual de procedimiento civil: el juicio ejecutivo 
250 |a 11a. ed 
300 |a 239 p 
942 |c BK 
945 |d 20030905 00:00:00  |a cmena 
260 |a Santiago  |b Jurídica de Chile  |c 2003 
650 0 |a Procedimiento civil  |9 254870 
650 0 |a Juicio ejecutivo  |9 254866 
650 7 |a MANUAL DE PROCEDIMIENTO CIVIL  |2 CL-VaPUC  |9 391655 
651 7 |a CHILE  |2 CL-VaPUC  |9 478312 
583 |a last modification  |c 20150714 10:43:30  |k Rodrigo Vera 
490 0 |a Manuales Jurídicos, 17 
999 |c 304982  |d 304980 
952 |0 0  |1 0  |4 0  |6 347_830700000000000_ESP_2003  |7 0  |8 A  |9 367864  |a BIBDER  |b BIBDER  |d 2019-11-21  |i 3937828  |l 1  |o 347.8307 ESP 2003  |p 3937828  |r 2025-05-05  |s 2025-05-02  |w 2019-11-21  |y BK  |k DER 
952 |0 0  |1 0  |4 0  |6 347_830700000000000_ESP_2003  |7 0  |8 A  |9 367865  |a BIBDER  |b BIBDER  |d 2019-11-21  |i 3937836  |o 347.8307 ESP 2003  |p 3937836  |r 2023-01-25  |w 2019-11-21  |y BK  |k DER 
952 |0 0  |1 0  |4 0  |6 347_830700000000000_ESP_2003  |7 0  |8 A  |9 367866  |a BIBDER  |b BIBDER  |d 2019-11-21  |i 3937844  |l 1  |o 347.8307 ESP 2003  |p 3937844  |r 2023-01-25  |s 2020-05-14  |w 2019-11-21  |y BK  |k DER 
952 |0 0  |1 0  |4 0  |6 347_830700000000000_ESP_2003  |7 0  |8 A  |9 367868  |a BIBDER  |b BIBDER  |d 2019-11-21  |i 4074165  |l 1  |o 347.8307 ESP 2003  |p 4074165  |r 2023-05-22  |s 2023-05-15  |w 2019-11-21  |y BK  |k DER 
952 |0 0  |1 0  |4 0  |6 347_830700000000000_ESP_2003  |7 0  |8 A  |9 367869  |a BIBDER  |b BIBDER  |d 2019-11-21  |i 4261577  |l 1  |o 347.8307 ESP 2003  |p 4261577  |r 2023-03-28  |s 2023-03-28  |w 2019-11-21  |y BK  |k DER 
952 |0 0  |1 0  |4 0  |6 347_830700000000000_ESP_2003  |7 0  |8 A  |9 367870  |a BIBDER  |b BIBDER  |d 2019-11-21  |i 4357752  |l 9  |o 347.8307 ESP 2003  |p 4357752  |r 2024-06-17  |s 2024-06-11  |w 2019-11-21  |y BK  |k DER 
952 |0 0  |1 0  |4 0  |6 347_830700000000000_ESP_2003  |7 0  |8 A  |9 367871  |a BIBDER  |b BIBDER  |d 2019-11-21  |i 4373723  |l 2  |o 347.8307 ESP 2003  |p 4373723  |r 2023-01-25  |s 2022-09-01  |w 2019-11-21  |y BK  |k DER